Information technology for retailing / (Record no. 31136)

MARC details
000 -LEADER
fixed length control field 00984nam a22002777a 4500
005 - DATE AND TIME OF LATEST TRANSACTION
control field 20091029110926.0
008 - FIXED-LENGTH DATA ELEMENTS--GENERAL INFORMATION
fixed length control field 091029t xxu||||| |||| 00| 0 eng d
010 ## - LCCN (DPL NO)
LC control number ENG-95249
020 ## - INTERNATIONAL STANDARD BOOK NUMBER
International Standard Book Number 9780070159228
Terms of availability 150.00
020 ## - INTERNATIONAL STANDARD BOOK NUMBER
International Standard Book Number 007015922X
Terms of availability 150.00
035 ## - SYSTEM CONTROL NUMBER
System control number EN-78782
037 ## - SOURCE OF ACQUISITION
Source of stock number/acquisition DBAD/PUB
040 ## - CATALOGING SOURCE
Original cataloging agency DPL
082 ## - DEWEY DECIMAL CLASSIFICATION NUMBER
Classification number 658.8700285
100 ## - MAIN ENTRY--PERSONAL NAME
Personal name Khurana, Ajeet
245 ## - TITLE STATEMENT
Title Information technology for retailing /
Statement of responsibility, etc by Ajeet Khurana
260 ## - PUBLICATION, DISTRIBUTION, ETC. (IMPRINT)
Place of publication, distribution, etc New Delhi
Name of publisher, distributor, etc Tata McGraw Hill Education
Date of publication, distribution, etc 2010
270 ## - ADDRESS
Address 7, West Patel Nagar
City New Delhi
Postal code 110008
300 ## - PHYSICAL DESCRIPTION
Extent xii, 140p.
Dimensions 24cm.(Pbk)
500 ## - GENERAL NOTE
General note Includes index
650 ## - SUBJECT ADDED ENTRY--TOPICAL TERM
Topical term or geographic name as entry element Retail trade
650 ## - SUBJECT ADDED ENTRY--TOPICAL TERM
Topical term or geographic name as entry element Technological innovations
650 ## - SUBJECT ADDED ENTRY--TOPICAL TERM
Topical term or geographic name as entry element Retail trade
General subdivision Data processing
942 ## - ADDED ENTRY ELEMENTS (KOHA)
Source of classification or shelving scheme Dewey Decimal Classification
Item type English Books
Call number suffix KHU
Classification part 658.8700285
Holdings
Withdrawn status Lost status Source of classification or shelving scheme Damaged status Not for loan Collection code Home library Current library Date acquired Source of acquisition Cost, normal purchase price Total Checkouts Full call number Barcode Date last seen Copy number Cost, replacement price Koha item type
    Dewey Decimal Classification   Not For Loan Non-fiction D.B.Act.Division D.B.Act.Division 29/10/2009 DBAD / PUB 150.00   658.8700285 KHU EN-78782 29/10/2009 1 150.00 English Books

© Delhi Public Library
Hit Counter
free hit counter